| 000 -LEADER |
| fixed length control field |
00352nam a22001337a 4500 |
| 082 ## - DEWEY DECIMAL CLASSIFICATION NUMBER |
| Classification number |
TNC T1x47 V989 |
| 100 ## - MAIN ENTRY--PERSONAL NAME |
| Personal name |
Vyas, Arvind |
| 9 (RLIN) |
22166 |
| 245 ## - TITLE STATEMENT |
| Title |
The economics of perestroika |
| Statement of responsibility, etc |
by Arvind Vyas |
| 260 ## - PUBLICATION, DISTRIBUTION, ETC. (IMPRINT) |
| Place of publication, distribution, etc |
Delhi |
| Name of publisher, distributor, etc |
Ajanta |
| Date of publication, distribution, etc |
1991 |
| 300 ## - PHYSICAL DESCRIPTION |
| Extent |
100p. |
| 650 ## - SUBJECT ADDED ENTRY--TOPICAL TERM |
| Topical term or geographic name as entry element |
U. S. S. R. |
| 9 (RLIN) |
22167 |
| 650 ## - SUBJECT ADDED ENTRY--TOPICAL TERM |
| Topical term or geographic name as entry element |
Perestroika |
| 9 (RLIN) |
22168 |
| 650 ## - SUBJECT ADDED ENTRY--TOPICAL TERM |
| Topical term or geographic name as entry element |
Eastern Europe |
| 9 (RLIN) |
22169 |